• 首页
  • 本馆介绍
  • 公告通知
  • 最新文献
  • 馆藏检索
  • 电子资源
  • 读者导购
  • 参考咨询
  • 我的图书馆
  • 登录
  • 详细信息显示
  • 放入我的书架
  • 预约/预借图书
  • 作者相关作品
  • 分类相关作品
  • 丛书相关作品
  • 出版社相关作品

书目信息

  • 表格格式
  • 工作单格式
  • 卡片格式
题名:
中日现代文学关系史论
    
 
作者: 王向远 著
分册:  
出版信息: 北京   九州出版社  2021.09
页数: 372页
开本: 24cm
丛书名: 王向远文学史书系
单 册:
中图分类: I206.6 , I313.065
科图分类:
主题词: 现代文学--xian dai wen xue--比较文学--文学研究--中国--日本
电子资源:
ISBN: 978-7-5225-0163-5
000 01441nam 2200277 450
001 CAL 004197751
005 20230217093112.0
010    @a978-7-5225-0163-5@b精装@dCNY99.00
100    @a20211116d2021 em y0chiy0120 ea
101 0  @achi
102    @aCN@b110000
105    @ay a 001yy
106    @ar
200 1  @a中日现代文学关系史论@Azhong ri xian dai wen xue guan xi shi lun@f王向远著
210    @a北京@c九州出版社@d2021.09
215    @a372页@d24cm
225 2  @a王向远文学史书系@Awang xiang yuan wen xue shi shu xi
320    @a有书目和索引
330    @a本书原题“中日现代文学比较论”, 是作者写作于1990年代初期的博士论文, 也是一部全面系统地对中日现代文学关系史与比较研究的著作。全书运用比较文学的观念与方法, 分”思潮比较论””流派比较论””文论比较论””创作比较论”四个方面 (四章) , 使用每章均为七节的对称均衡的布局结构, 以点带面、连点成线, 从不同侧面对20世纪上半期中国文学和日本文学之关联做了深入的比较分析, 发现并解答了中日现代文学关系史上的一系列重要课题, 指出了日本文学在中国文学现代转型过程中的重要作用, 形成了关于中日现代文学关联性的较为完整的知识系统。本书曾在宁夏人民出版社出版。此次对旧版发现的差错加以改正之外, 局部稍有修改, 补充若干脚注。
410  0 @12001 @a王向远文学史书系
606 0  @a现代文学@Axian dai wen xue@x比较文学@x文学研究@y中国@y日本
690    @aI206.6@v5
690    @aI313.065@v5
701  0 @a王向远@Awang xiang yuan@4著
801  0 @aCN@bBJXHZP@c20230228
905    @b1396461-4@dI206.6@e266@f4
    
    中日现代文学关系史论/王向远著.-北京:九州出版社,2021.09
    372页;24cm.-(王向远文学史书系)
    
    
    ISBN 978-7-5225-0163-5(精装):CNY99.00
    本书原题“中日现代文学比较论”, 是作者写作于1990年代初期的博士论文, 也是一部全面系统地对中日现代文学关系史与比较研究的著作。全书运用比较文学的观念与方法, 分”思潮比较论””流派比较论””文论比较论””创作比较论”四个方面 (四章) , 使用每章均为七节的对称均衡的布局结构, 以点带面、连点成线, 从不同侧面对20世纪上半期中国文学和日本文学之关联做了深入的比较分析, 发现并解答了中日现代文学关系史上的一系列重要课题, 指出了日本文学在中国文学现代转型过程中的重要作用, 形成了关于中日现代文学关联性的较为完整的知识系统。本书曾在宁夏人民出版社出版。此次对旧版发现的差错加以改正之外, 局部稍有修改, 补充若干脚注。
●
相关链接 在E读中查询图书 在五车中查询图书 在当当中查询图书 在豆瓣中查询图书


正题名:中日现代文学关系史论     索取号:I206.6/266         预约/预借

序号 登录号 条形码 馆藏地/架位号 状态 备注
1 1396461   213964619   第一样本阅览室/ [索取号:I206.6/266] 在馆    
2 1396462   213964628   第二借阅区/ [索取号:I206.6/266] 在馆    
3 1396463   213964637   第二借阅区/ [索取号:I206.6/266] 在馆    
4 1396464   213964646   第二借阅区/ [索取号:I206.6/266] 在馆    
唐山师范学院图书馆 欢迎您!
大连网信软件有限公司© 版权所有